[Event "BL2-West 1415"]
[Site "Germany"]
[Date "2015.02.01"]
[Round "6.5"]
[White "Roeder, Mathias"]
[Black "Krieg, Nikolaj"]
[Result "1-0"]
[WhiteElo "2422"]
[BlackElo "2339"]
[PlyCount "49"]
[EventDate "2014.09.21"]
[EventType "team-tourn"]
[EventRounds "9"]
[EventCountry "GER"]
[SourceTitle "CBM 166 Extra"]
[Source "ChessBase"]
[SourceDate "2015.06.18"]
[SourceVersion "1"]
[SourceVersionDate "2015.06.18"]
[SourceQuality "1"]
[WhiteTeam "Aachen Aufwaerts"]
[BlackTeam "Solingen II"]
[WhiteTeamCountry "GER"]
[BlackTeamCountry "GER"]

1. Nf3 c5 2. c4 Nf6 3. g3 b6 4. Bg2 Bb7 5. 0-0 e6 6. Nc3 a6 7. d4 cxd4 8. Qxd4 d6 9. Bg5 Nbd7 10. Qd2 Qc7 11. Rfd1 Be7 12. Bf4 e5 13. Bg5 Rb8 14. Nh4 Bxg2 15. Kxg2 g6 16. b3 0-0 17. Bh6 Rfe8 18. Nf5 Ng4 19. Nd5 Qb7 20. Nfxe7+ Rxe7 21. f3 Nxh6 22. Nxe7+ Kg7 23. Qxd6 Nf6 24. Nd5 Nd7 25. Qc7 1-0

[Event "Oberliga NRW 1314"]
[Site "Germany"]
[Date "2014.02.02"]
[Round "6.2"]
[White "Krieg, Nikolaj"]
[Black "Helbig, Mark"]
[Result "1-0"]
[WhiteElo "2342"]
[BlackElo "2237"]
[PlyCount "80"]
[EventDate "2013.09.15"]
[EventType "team-tourn"]
[EventRounds "9"]
[EventCountry "GER"]
[SourceTitle "EXT 2015"]
[Source "ChessBase"]
[SourceDate "2014.11.20"]
[SourceVersion "1"]
[SourceVersionDate "2014.11.20"]
[SourceQuality "1"]
[WhiteTeam "Solingen II"]
[BlackTeam "Koeln SF"]
[WhiteTeamCountry "GER"]
[BlackTeamCountry "GER"]

1. Nf3 e6 2. c4 d5 3. d4 Nf6 4. Bg5 Be7 5. e3 0-0 6. Nc3 Nbd7 7. cxd5 exd5 8. Bd3 c6 9. Qc2 Re8 10. 0-0 Nf8 11. Rab1 a5 12. a3 Be6 13. Rfc1 Rc8 14. Na4 Ne4 15. Bxe7 Rxe7 16. b4 b5 17. Nc5 Nd6 18. a4 Nc4 19. Qc3 Ra7 20. h3 Nd7 21. Nxe6 fxe6 22. bxa5 Rxa5 23. axb5 cxb5 24. Qe1 Rca8 25. e4 Kh8 26. exd5 exd5 27. Qe6 Nf8 28. Qf5 Qd7 29. Qh5 g6 30. Qg5 Re8 31. Re1 Raa8 32. Ne5 Qg7 33. Rxb5 Ne6 34. Qh4 Nxd4 35. Nxg6+ Kg8 36. Rxe8+ Rxe8 37. Rxd5 hxg6 38. Bxc4 Re1+ 39. Kh2 Qc7+ 40. Qg3 Qxg3+ 1-0

[Event "BL2-West 1011"]
[Site "Germany"]
[Date "2011.04.10"]
[Round "9.5"]
[White "Reinderman, Dimitri"]
[Black "Krieg, Nikolaj"]
[Result "1-0"]
[WhiteElo "2587"]
[BlackElo "2326"]
[PlyCount "95"]
[EventDate "2010.10.10"]
[EventType "team-tourn"]
[EventRounds "9"]
[EventCountry "GER"]
[SourceTitle "EXT 2012"]
[Source "ChessBase"]
[SourceDate "2011.11.24"]
[SourceVersion "1"]
[SourceVersionDate "2011.11.24"]
[SourceQuality "1"]
[WhiteTeam "Koeln Porz"]
[BlackTeam "Solingen Aljechin II"]
[WhiteTeamCountry "GER"]
[BlackTeamCountry "GER"]

1. c4 c5 2. g3 Nf6 3. Bg2 e6 4. Nf3 a6 5. Nc3 Qc7 6. 0-0 b6 7. d4 cxd4 8. Qxd4 d6 9. Rd1 Bb7 10. Bg5 Nbd7 11. Rac1 Be7 12. Qd2 Rd8 13. Bf4 Nc5 14. b4 Nce4 15. Nxe4 Nxe4 16. Qb2 e5 17. Be3 0-0 18. Ne1 h6 19. Nd3 Bg5 20. f4 Bf6 21. fxe5 dxe5 22. c5 bxc5 23. bxc5 Rb8 24. c6 Bc8 25. Qc2 Bg5 26. Bxg5 Nxg5 27. Qc3 Re8 28. h4 Nh7 29. Nc5 Nf8 30. Kf1 Ne6 31. Nd7 Rb5 32. a4 Ra5 33. Qb3 Re7 34. Qb4 Re8 35. Nb6 Rb5 36. axb5 Qxb6 37. Qc3 axb5 38. Qxe5 b4 39. Rd2 Nc7 40. Qc5 Qb8 41. Rd4 Ba6 42. Rxb4 Bxe2+ 43. Kg1 Qc8 44. Rb7 Bg4 45. Qd6 Na6 46. c7 Be2 47. Re1 Qg4 48. Rb8 1-0

[Event "BL2-West 1011"]
[Site "Germany"]
[Date "2011.01.16"]
[Round "5.6"]
[White "Krieg, Nikolaj"]
[Black "Stewart, Neil"]
[Result "1-0"]
[WhiteElo "2326"]
[BlackElo "2300"]
[PlyCount "75"]
[EventDate "2010.10.10"]
[EventType "team-tourn"]
[EventRounds "9"]
[EventCountry "GER"]
[SourceTitle "EXT 2012"]
[Source "ChessBase"]
[SourceDate "2011.11.24"]
[SourceVersion "1"]
[SourceVersionDate "2011.11.24"]
[SourceQuality "1"]
[WhiteTeam "Solingen Aljechin II"]
[BlackTeam "Koblenz"]
[WhiteTeamCountry "GER"]
[BlackTeamCountry "GER"]

1. d4 d5 2. Nf3 Nf6 3. c4 c6 4. Nc3 dxc4 5. a4 Bf5 6. Ne5 Nbd7 7. Nxc4 Nb6 8. e3 e6 9. a5 Nxc4 10. Bxc4 Bb4 11. Qb3 Qe7 12. 0-0 0-0 13. Bd2 Rfd8 14. Rfd1 Rac8 15. Be1 h6 16. e4 Bg6 17. f3 e5 18. dxe5 Bc5+ 19. Kh1 Qxe5 20. Qxb7 Nh5 21. g3 Nf6 22. Bf1 Rb8 23. Qxc6 Rdc8 24. Qa6 Qg5 25. Qe2 Qe5 26. Bf2 Bxf2 27. Qxf2 Rb4 28. Rd2 Rcb8 29. a6 Ne8 30. Rad1 Kh7 31. Qxa7 Rxb2 32. Rxb2 Rxb2 33. Qd4 Qh5 34. Bg2 Qa5 35. Nd5 Ra2 36. Bf1 Qa3 37. Bg2 Qxa6 38. Nb4 1-0

[Event "BL2-West 0910"]
[Site "Germany"]
[Date "2009.11.15"]
[Round "2.6"]
[White "Wegener, Olaf"]
[Black "Krieg, Nikolaj"]
[Result "1/2-1/2"]
[WhiteElo "2405"]
[BlackElo "2246"]
[PlyCount "49"]
[EventDate "2009.10.18"]
[EventType "team-tourn"]
[EventRounds "9"]
[EventCountry "GER"]
[SourceTitle "EXT 2011"]
[Source "ChessBase"]
[SourceDate "2010.11.26"]
[SourceVersion "1"]
[SourceVersionDate "2010.11.26"]
[SourceQuality "1"]
[WhiteTeam "Dortmund Hansa"]
[BlackTeam "Aachen"]
[WhiteTeamCountry "GER"]
[BlackTeamCountry "GER"]

1. e4 c5 2. Nf3 d6 3. d4 cxd4 4. Nxd4 Nf6 5. Nc3 a6 6. Be3 e6 7. f3 h5 8. Qd2 Nbd7 9. a4 b6 10. Bc4 Bb7 11. 0-0 Ne5 12. Bb3 Rc8 13. Qf2 Nc4 14. Bxc4 Rxc4 15. Rad1 Qc7 16. Nb3 Rb4 17. Bd4 Be7 18. Rd3 Rg8 19. Kh1 Nd7 20. Rb1 g5 21. Qe1 Rc4 22. Nd2 Rb4 23. Nb3 Rc4 24. Nd2 Rb4 25. Nb3 1/2-1/2

[Event "BL2-West 0910"]
[Site "Germany"]
[Date "2009.10.18"]
[Round "1.6"]
[White "Krieg, Nikolaj"]
[Black "Stets, Dmitry"]
[Result "0-1"]
[WhiteElo "2246"]
[BlackElo "2434"]
[PlyCount "66"]
[EventDate "2009.10.18"]
[EventType "team-tourn"]
[EventRounds "9"]
[EventCountry "GER"]
[SourceTitle "EXT 2011"]
[Source "ChessBase"]
[SourceDate "2010.11.26"]
[SourceVersion "1"]
[SourceVersionDate "2010.11.26"]
[SourceQuality "1"]
[WhiteTeam "Aachen"]
[BlackTeam "Gerresheim"]
[WhiteTeamCountry "GER"]
[BlackTeamCountry "GER"]

1. Nf3 Nf6 2. c4 g6 3. Nc3 Bg7 4. g3 0-0 5. Bg2 d6 6. 0-0 e5 7. d3 c6 8. c5 dxc5 9. Nxe5 Nd5 10. f4 Be6 11. Ne4 Nd7 12. Nf3 h6 13. h3 Qe7 14. Kh2 Rad8 15. Nf2 f5 16. a3 c4 17. e4 N5b6 18. exf5 Bxf5 19. Re1 Qf7 20. d4 Nc5 21. Be3 Nd5 22. Rc1 Nb3 23. Rc3 c5 24. Ng4 Bxg4 25. hxg4 cxd4 26. Rxc4 Nxe3 27. Rxe3 dxe3 28. Qxb3 e2 29. Qc2 Rfe8 30. Re4 Rxe4 31. Qxe4 Re8 32. Ne5 Rxe5 33. fxe5 Qf2 0-1

[Event "Oberliga NRW 0809"]
[Site "Germany"]
[Date "2009.03.01"]
[Round "7.4"]
[White "Krieg, Nikolaj"]
[Black "Nautsch, Werner"]
[Result "1-0"]
[WhiteElo "2317"]
[BlackElo "2277"]
[PlyCount "91"]
[EventDate "2008.09.21"]
[EventType "team-tourn"]
[EventRounds "9"]
[EventCountry "GER"]
[SourceTitle "EXT 2010"]
[Source "ChessBase"]
[SourceDate "2010.11.25"]
[SourceVersion "1"]
[SourceVersionDate "2010.11.25"]
[SourceQuality "1"]
[WhiteTeam "Aachen"]
[BlackTeam "Katernberg II"]
[WhiteTeamCountry "GER"]
[BlackTeamCountry "GER"]

1. Nf3 c5 2. c4 Nc6 3. Nc3 d6 4. g3 g6 5. d4 cxd4 6. Nxd4 Bg7 7. Nc2 Nf6 8. Bg2 0-0 9. 0-0 Bg4 10. b3 Qc8 11. Re1 Rd8 12. Bd2 Rb8 13. Rc1 Bh3 14. Bh1 h5 15. Ne3 Qd7 16. Ncd5 Ng4 17. Ng2 Nh6 18. Ndf4 e5 19. Nd5 Nf5 20. Nge3 Nfd4 21. Nc2 Nxc2 22. Qxc2 Nd4 23. Qb2 Rf8 24. Bc3 Be6 25. e3 Nf5 26. Red1 b5 27. c5 Bxd5 28. Rxd5 Qe6 29. e4 Nd4 30. Rxd6 Qg4 31. Bxd4 exd4 32. f3 Qg5 33. f4 Qg4 34. Kf2 h4 35. Bg2 Rfd8 36. e5 Bf8 37. Rxd4 b4 38. c6 Rdc8 39. Qe2 hxg3+ 40. hxg3 Qe6 41. Bd5 Qe7 42. Qg4 Kg7 43. Be4 Qe6 44. Qxe6 fxe6 45. Rd7+ Kh6 46. Rh1# 1-0

[Event "Oberliga NRW 0506"]
[Site "Germany"]
[Date "2006.02.12"]
[Round "6.5"]
[White "Krieg, Nikolaj"]
[Black "Braun, Vitali"]
[Result "1-0"]
[WhiteElo "2184"]
[BlackElo "2258"]
[PlyCount "77"]
[EventDate "2005.09.25"]
[EventType "team-tourn"]
[EventRounds "9"]
[EventCountry "GER"]
[SourceTitle "EXT 2007"]
[Source "ChessBase"]
[SourceDate "2006.11.23"]
[SourceVersion "1"]
[SourceVersionDate "2006.11.23"]
[SourceQuality "1"]
[WhiteTeam "Aachen"]
[BlackTeam "Werther"]
[WhiteTeamCountry "GER"]
[BlackTeamCountry "GER"]

1. Nf3 Nf6 2. d4 d5 3. c4 c6 4. Nc3 a6 5. Qb3 dxc4 6. Qxc4 Bf5 7. g3 e6 8. Bg2 Be7 9. 0-0 0-0 10. a4 b5 11. Qb3 b4 12. Nb1 Ne4 13. Be3 Nd7 14. Nbd2 Ndf6 15. Ne5 Rc8 16. Rfd1 a5 17. Rac1 Qd5 18. Ndc4 Rfd8 19. Nd3 Rb8 20. Nf4 Qd7 21. Ne5 Qe8 22. Nxc6 Bd6 23. Nxd8 Rxd8 24. f3 Ng5 25. g4 Bxg4 26. fxg4 Nxg4 27. h4 e5 28. Bc6 Qe7 29. hxg5 exf4 30. Bf2 Ne3 31. Bxe3 Qxg5+ 32. Bg2 fxe3 33. Rf1 Qh5 34. Rf3 g5 35. Qxe3 g4 36. Rf2 Kf8 37. Qe4 Re8 38. Qf5 Qh2+ 39. Kf1 1-0

[Event "Solingen op-A"]
[Site "Solingen"]
[Date "2005.05.29"]
[Round "6"]
[White "Krieg, Nikolaj"]
[Black "Baekelant, Ronny"]
[Result "1/2-1/2"]
[WhiteElo "2228"]
[BlackElo "2182"]
[PlyCount "34"]
[EventDate "2005.05.26"]
[EventType "swiss"]
[EventRounds "7"]
[EventCountry "GER"]
[SourceTitle "EXT 2006"]
[Source "ChessBase"]
[SourceDate "2005.11.24"]
[SourceVersion "1"]
[SourceVersionDate "2005.11.24"]
[SourceQuality "1"]

1. Nf3 d5 2. d4 Nf6 3. c4 e6 4. Bg5 Be7 5. Nc3 0-0 6. e3 b6 7. cxd5 exd5 8. Qc2 Be6 9. h3 c5 10. Bd3 Nbd7 11. 0-0 Re8 12. Bf4 a6 13. Rac1 b5 14. a3 Rc8 15. Qe2 Qb6 16. dxc5 Nxc5 17. Bc2 Nce4 1/2-1/2

[Event "Solingen op-A"]
[Site "Solingen"]
[Date "2005.05.28"]
[Round "5"]
[White "Savchenko, Aleksij"]
[Black "Krieg, Nikolaj"]
[Result "0-1"]
[WhiteElo "2026"]
[BlackElo "2228"]
[PlyCount "114"]
[EventDate "2005.05.26"]
[EventType "swiss"]
[EventRounds "7"]
[EventCountry "GER"]
[SourceTitle "EXT 2006"]
[Source "ChessBase"]
[SourceDate "2005.11.24"]
[SourceVersion "1"]
[SourceVersionDate "2005.11.24"]
[SourceQuality "1"]

1. d4 Nf6 2. c4 e6 3. Nc3 c5 4. d5 exd5 5. cxd5 d6 6. Nf3 g6 7. Bf4 a6 8. a4 Bg7 9. Nd2 Nh5 10. Bg3 Nxg3 11. hxg3 0-0 12. e3 Nd7 13. Be2 Re8 14. 0-0 b6 15. Qb3 Rb8 16. Nc4 Ne5 17. Na3 f5 18. Qc2 Nf7 19. Bd3 Qg5 20. Ne2 Qf6 21. Rab1 Ne5 22. Nf4 Nxd3 23. Qxd3 b5 24. axb5 axb5 25. Rfc1 Re4 26. Nc2 Ra4 27. b3 Ra2 28. Ra1 Rb2 29. Ne1 Qf7 30. Ra5 g5 31. Nh3 h6 32. Rxb5 Rxb5 33. Qxb5 Qd7 34. Qb6 Bb7 35. Nd3 Rd2 36. Nb4 f4 37. Nc6 fxe3 38. fxe3 Rxd5 39. Na5 Bc8 40. b4 Rd2 41. bxc5 Rxg2+ 42. Kxg2 Qxh3+ 43. Kf2 Qh2+ 44. Kf3 g4+ 45. Ke4 Qg2+ 46. Kd3 Bf5+ 47. Kc4 Qe2+ 48. Kb4 Qd2+ 49. Kb5 Qxc1 50. Qxd6 Qxe3 51. Qd5+ Qe6 52. Qd8+ Kh7 53. c6 Qe5+ 54. Ka6 Qxg3 55. Kb6 Qe3+ 56. Kb7 Qc5 57. Ka6 g3 0-1